000
00215 a2200097 4500
001
27741
100
_a
Wylie, J C
245
_a
The wastes of Civilization
260
_a
_b
Faber & Faber Ltd
_c
090
_c
18525
_d
18525
942
_a
NUST-CAE
_c
M
_c
9475
999
_c
262814
_d
262814